নারীর ভুবন : (Record no. 948)

MARC details
000 -LEADER
fixed length control field 00976nam a22002057a 4500
003 - CONTROL NUMBER IDENTIFIER
control field BD-DhCDI
005 - DATE AND TIME OF LATEST TRANSACTION
control field 20260330055505.0
008 - FIXED-LENGTH DATA ELEMENTS--GENERAL INFORMATION
fixed length control field 260330b bg ||||| |||| 00| 0 ben d
020 ## - INTERNATIONAL STANDARD BOOK NUMBER
International Standard Book Number 9789843587862
Qualifying information Hard Cover
040 ## - CATALOGING SOURCE
Original cataloging agency BD-DhCDI
Language of cataloging BD-DhCDI
Transcribing agency BD-DhCDI
082 ## - DEWEY DECIMAL CLASSIFICATION NUMBER
Edition number 23
Classification number 891.441
Item number NAR 2026
110 ## - MAIN ENTRY--CORPORATE NAME
Corporate name or jurisdiction name as entry element বাংলাদেশ খ্রিস্টান লেখক ফোরাম
Relator term প্রকাশক
9 (RLIN) 1292
245 ## - TITLE STATEMENT
Title নারীর ভুবন :
Remainder of title খ্রিস্টান নারী কবিদের নির্বাচিত কবিতা সংকলন /
Statement of responsibility, etc. বাংলাদেশ খ্রিস্টান লেখক ফোরাম
246 ## - VARYING FORM OF TITLE
Title proper/short title Narir Vubon
260 ## - PUBLICATION, DISTRIBUTION, ETC.
Place of publication, distribution, etc. Bangladesh;
Name of publisher, distributor, etc. বাংলাদেশ খ্রিস্টান লেখক ফোরাম,
Date of publication, distribution, etc. 2026.
300 ## - PHYSICAL DESCRIPTION
Extent 56 p.:
Dimensions 22 cm.
650 ## - SUBJECT ADDED ENTRY--TOPICAL TERM
Topical term or geographic name entry element Bengali Poetry
9 (RLIN) 1769
651 ## - SUBJECT ADDED ENTRY--GEOGRAPHIC NAME
Geographic name (বাংলা কবিতা)
General subdivision Bengali literature
9 (RLIN) 1770
942 ## - ADDED ENTRY ELEMENTS (KOHA)
Source of classification or shelving scheme Dewey Decimal Classification
Koha item type Books
Holdings
Withdrawn status Lost status Source of classification or shelving scheme Damaged status Not for loan Collection code Home library Current library Shelving location Date acquired Source of acquisition Total Checkouts Full call number Barcode Date last seen Copy number Price effective from Koha item type
    Dewey Decimal Classification     Fiction Caritas Development Institute Library Caritas Development Institute Library New Materials Shelf 25/03/2026 Donation   891.441 NAR 2026 12409 30/03/2026 1 30/03/2026 Books
    Dewey Decimal Classification     Fiction Caritas Development Institute Library Caritas Development Institute Library New Materials Shelf 25/03/2026 Donation   891.441 NAR 2026 12408 30/03/2026 2 30/03/2026 Books
    Dewey Decimal Classification     Fiction Caritas Development Institute Library Caritas Development Institute Library New Materials Shelf 25/03/2026 Donation   891.441 NAR 2026 12407 30/03/2026 3 30/03/2026 Books
    Dewey Decimal Classification     Fiction Caritas Development Institute Library Caritas Development Institute Library New Materials Shelf 25/03/2026 Donation   891.441 NAR 2026 12406 30/03/2026 4 30/03/2026 Books